Protocolos de Seguridad para Trabajos en Alturas de Construcciones Residenciales en el Municipio de Cotuí. / (Registro nro. 24183)
[ vista simple ]
| 000 -LEADER | |
|---|---|
| fixed length control field | 03610nam a22002897a 4500 |
| 003 - CONTROL NUMBER IDENTIFIER | |
| control field | DO-CoUTE |
| 005 - DATE AND TIME OF LATEST TRANSACTION | |
| control field | 20260511142302.0 |
| 008 - FIXED-LENGTH DATA ELEMENTS--GENERAL INFORMATION | |
| fixed length control field | 260511b dr ||||| |||| 00| 0 spa d |
| 040 ## - CATALOGING SOURCE | |
| Original cataloging agency | DO-CoUTE |
| Language of cataloging | spa |
| Transcribing agency | DO-CoUTE |
| 041 ## - LANGUAGE CODE | |
| Language code of text/sound track or separate title | spa |
| 092 ## - LOCALLY ASSIGNED DEWEY CALL NUMBER (OCLC) | |
| Classification number | ING 2025 R15 |
| 100 1# - MAIN ENTRY--PERSONAL NAME | |
| Personal name | Ramos Sánchez, Leifherf L |
| Relator term | Sustentante |
| 245 10 - TITLE STATEMENT | |
| Title | Protocolos de Seguridad para Trabajos en Alturas de Construcciones Residenciales en el Municipio de Cotuí. / |
| Statement of responsibility, etc. | Leifherf L. Ramos Sánchez, Ydaliza Del C. Fabian Cáceres, Esteban Suarez Ortega, Jean Carlos Ovalle Adames, Gregorio Vásquez Ledesma ; Asesor, Rafael Eugenio Robles |
| 260 ## - PUBLICATION, DISTRIBUTION, ETC. | |
| Place of publication, distribution, etc. | Cotuí, República Dominicana ; |
| Name of publisher, distributor, etc. | UTECO, |
| Date of publication, distribution, etc. | 2025 |
| 300 ## - PHYSICAL DESCRIPTION | |
| Extent | 155 Hojas : |
| Dimensions | 23cm |
| Accompanying material | + 1 CD-ROM |
| 502 ## - DISSERTATION NOTE | |
| Dissertation note | Trabajo de Grados ( Ingeniero Civil ) Universidad Tecnológica del Cibao Oriental, 2025 |
| 504 ## - BIBLIOGRAPHY, ETC. NOTE | |
| Bibliography, etc. note | Incluye referencia bibliográfica e índice.<br/><br/> |
| 520 ## - SUMMARY, ETC. | |
| Summary, etc. | El presente proyecto trata sobre Protocolos de Seguridad para Trabajos en Alturas de<br/>Construcciones Residenciales en el Municipio de Cotuí. En este orden, luego de realizar un<br/>diagnóstico en el municipio de Cotuí, con el propósito de “Identificar y caracterizar las condiciones<br/>existentes en materia de seguridad para trabajos en altura en construcciones residenciales del<br/>municipio de Cotuí”, se estableció como problemática principal a abordar fue “el uso deficiente<br/>de equipos de protección personal”. En tal sentido, se elaboró una propuesta para la<br/>implementación de un Programa Integral de Uso y Supervisión de Equipos de Protección Personal<br/>(EPP), diseñado como una herramienta técnica, educativa y operativa que articula procesos de<br/>capacitación, supervisión constante, control de cumplimiento y documentación de prácticas<br/>seguras.<br/>Al finalizar el desarrollo del proyecto se llegó a las siguientes conclusiones: el proyecto<br/>permite afirmar que la puesta en marcha del protocolo desarrollado podrá contribuir de forma<br/>significativa a reducir accidentes, mejorar las condiciones laborales y elevar los estándares de<br/>seguridad en el sector de la construcción residencial en Cotuí, siempre que exista un compromiso<br/>institucional real por parte de empresas, maestros de obra, encargados de seguridad y trabajadores. <br/>Además, la adaptación de este modelo servirá como referencia para otros municipios de la<br/>provincia Sánchez Ramírez y para futuras investigaciones que busquen avanzar en la<br/>consolidación de ambientes laborales más seguros, sostenibles y alineados a las normativas<br/>nacionales (como la Ley 87-01, el Reglamento 522-06 y las resoluciones del Ministerio de<br/>Trabajo) y estándares internacionales (OSHA, ILO y EU-OSHA).<br/>En conclusión, el protocolo propuesto no solo responde a una necesidad técnica, sino<br/>también social y ética: proteger la vida y salud de los trabajadores, promover entornos de trabajo<br/>dignos y fortalecer la cultura preventiva en el sector construcción. Su implementación sistemática<br/>se convierte en un aporte concreto a la mejora de la gestión de riesgos laborales en la región y<br/>contribuye directamente al desarrollo sostenible y seguro del municipio de Cotuí. |
| 650 #4 - SUBJECT ADDED ENTRY--TOPICAL TERM | |
| Topical term or geographic name entry element | Protocolo de seguridad |
| 700 1# - ADDED ENTRY--PERSONAL NAME | |
| Personal name | Leifherf L. Ramos Sánchez |
| Relator term | Sustentante |
| 700 1# - ADDED ENTRY--PERSONAL NAME | |
| Personal name | Ydaliza Del C. Fabian Cáceres |
| Relator term | Sustentante |
| 700 1# - ADDED ENTRY--PERSONAL NAME | |
| Personal name | Esteban Suarez Ortega |
| Relator term | Sustentante |
| 700 1# - ADDED ENTRY--PERSONAL NAME | |
| Personal name | Rafael Eugenio Robles |
| Relator term | Asesor |
| 830 ## - SERIES ADDED ENTRY--UNIFORM TITLE | |
| Uniform title | Tesis y disertaciones académicas (Universidad Tecnológica del Cibao Oriental) |
| 856 ## - ELECTRONIC LOCATION AND ACCESS | |
| Link text | Haga Click Aquí para Descargar en Texto Completo |
| 942 ## - ADDED ENTRY ELEMENTS (KOHA) | |
| Source of classification or shelving scheme | Dewey Decimal Classification |
| Koha item type | Tesis |
| Withdrawn status | Lost status | Source of classification or shelving scheme | Damaged status | Not for loan | Collection code | Home library | Current library | Shelving location | Date acquired | Inventory number | Total Checkouts | Full call number | Barcode | Date last seen | Copy number | Price effective from | Koha item type |
|---|---|---|---|---|---|---|---|---|---|---|---|---|---|---|---|---|---|
| Dewey Decimal Classification | e-Tesis (en CD) | Biblioteca UTECO | Biblioteca UTECO | En Estantería | 05/11/2026 | 24183 | ING 2025 R15 | 24183 | 05/11/2026 | Ej.1 | 05/11/2026 | Tesis |
